| 000 | 00942nam a2200229Ia 4500 | ||
|---|---|---|---|
| 005 | 20240530110944.0 | ||
| 008 | 140319s2021 ua a g 000 0 ara d | ||
| 017 | _bمصر. دار الكتب | ||
| 020 | _a9789922915685 | ||
| 040 |
_aGCL / _cGCL |
||
| 082 | 0 | 4 |
_221 _a371.422 _bك م |
| 100 | 0 | _aكمال مونى الامارة | |
| 245 | 1 | 2 |
_aالمرشد التربوى : _bالاسس النظرية بين التطبيق الميدانى واشكاليات العمل / _cكمال مونى الامارة |
| 250 | _aط. 1 | ||
| 260 |
_aالبصرة : _bدار الفنون والاداب للطباعة والنشر والتوزيع، _c2021. |
||
| 260 |
_aالقاهرة : _bدار التعليم الجامعى، _c2021. |
||
| 300 |
_a346 ص. : _bايض ؛ _c24 سم. |
||
| 650 | 0 | 7 | _aالتوجيه التربوى |
| 650 | 0 | 7 | _aالارشاد النفسى |
| 942 |
_2ddc _cBK |
||
| 999 |
_c66881 _d66881 |
||